Majalah i : Januari-Jun 2006
| Format: | Book |
|---|---|
| Published: |
Shah Alam :
Kumpulan karangkraf ,
2006
|
| Subjects: |
MARC
| LEADER | 00000cam a2200000 7i4500 | ||
|---|---|---|---|
| 001 | 0000020530 | ||
| 005 | 20071023.0 | ||
| 022 | 0 | |a 1675-3453 | |
| 040 | |a INS | ||
| 090 | 0 | 0 | |a BP1 |b M35 2006 |
| 245 | 0 | 0 | |a Majalah i : |b Januari-Jun 2006 |
| 260 | |a Shah Alam : |b Kumpulan karangkraf , |c 2006 | ||
| 300 | |a 1 jil.(Mukasurat pelbagai) : |b wrn., ill., pic., ; |c 28 cm. | ||
| 310 | |a Bulanan | ||
| 650 | 0 | 0 | |a Islam |x Periodicals |
| 999 | |a SER0001816 |b BOOK |c Open Shelf |e Default branch | ||